[Event "Mollerussa op-B"]
[Site "Mollerusa"]
[Date "1997.??.??"]
[Round "5"]
[White "Ingles Boirach, Jaume"]
[Black "Serra Revuelta, Carlos"]
[Result "1-0"]
[WhiteElo "1915"]
[BlackElo "1810"]
[PlyCount "57"]
[EventDate "1997.??.??"]
[EventType "swiss"]
[EventRounds "8"]
[EventCountry "ESP"]
[SourceTitle "EXT 2003"]
[Source "ChessBase"]
[SourceDate "2002.11.25"]
[SourceVersion "1"]
[SourceVersionDate "2002.11.25"]
[SourceQuality "1"]

1. d4 d5 2. c3 Nc6 3. Nf3 Nf6 4. g3 Bf5 5. Bg2 e6 6. 0-0 Be7 7. Nh4 Bxb1 8. Rxb1 Ne4 9. Nf3 0-0 10. Ne1 Nd6 11. Nd3 Bf6 12. Re1 Re8 13. e4 dxe4 14. Bxe4 Nxe4 15. Rxe4 e5 16. Be3 exd4 17. Rxe8+ Qxe8 18. cxd4 Bxd4 19. Bf4 Qe4 20. Qf1 Qd5 21. b3 h6 22. Rd1 Qf5 23. Ne1 Re8 24. Ng2 Bc3 25. Ne3 Qe4 26. Nd5 Bb4 27. Nxb4 Qxb4 28. Bd2 Qd6 29. Bb4 1-0